000 00364nam a2200157Ia 4500
008 230711s9999||||xx |||||||||||||| ||und||
041 _aENG
082 _a720
_bAD-C
100 _aAdam,Robert
245 0 _aClasssical Architecture
250 _a1st Ed.
260 _c1991
_aNew Delhi
_bHarry N.Abrams Inc
300 _a179
650 _aArchitecture
942 _cBK
999 _c4177
_d4177